1235 1290 1396 1229 1390 1292 1136 1853 1464 1055 1017 1831 1227 1632 1205 1536 1127 1213 1393 1998 1495 1548 1055 1776 1277 1370 1065 1123 1641 1090 1211 1286 1451 1863 1942 1627 1148 1068 1576 1723 1677 1148 1294 1034 1026 1782 1750 1578 1567 1045 1299 1946 1847 1651 1859 1276 1467 1277 1697 1696 1435 1962 1545 1387 1979 1621 1103 1725 1581 1373 1750 1976 1074 1978 1564 1494 1151 1185 1995 1809 1003 1251 1997 1058 1351 1017 1081 1317 1245 1926 1968 1810 1875 1816 1566 1843 1053 1677 1069 BCNSPRNW ULIB Ver.6.0+V

เปลี่ยนเป็นภาษาไทย

Change to English
 แสดงรายละเอียดบรรณานุกรม
  กลับหน้าหลัก

Brief Record : Get Marc (ISO 2709) : E-mail record : QR code < ปิดหน้าต่าง
LEADER : 00000nam 2200000uu 4500
001    13399115223
003     ULIB
008    120801s2548||||th 000 0 tha d
020    ^a9789749907719
090    ^aนว.^bร930ฮ ล.6 2548
100 0  ^aโรว์ลิ่ง, เจ.เค.
245 00 ^aแฮร์รี่ พอตเตอร์ กับเจ้าชายเลือดผสม เล่ม 6/^cโรว์ลิ่ง, เจ.เค.
250    ^aพิมพ์ครั้งที่ 1
260    ^aกรุงเทพฯ :^bนานมีบุ๊คส์,^c2548
300    ^a680 หน้า
710 1  ^aนานมีบุ๊คส์
945    ^p395^l0^i14054
995    ^aกัณชพร
999    ^aใช้งานได้ทุกระบบ
รายการนี้ยังไม่มีแท็ก
คุณยังไม่ได้ล็อกอิน คุณสามารถมีกิจกรรมร่วมกับเว็บไซต์ได้ แต่ต้องล็อกอินก่อน ::
  ล็อกอิน

รายการสื่อสารสนเทศ

ลำดับที่ ประเภท เลขเรียก/บาร์โค้ด สถานที่ สถานะ
1. วิทยาศาสตร์การแพทย์ และสุขภาพ
วิทยาศาสตร์การแพทย์ และสุขภาพ
นว. ร930ฮ ล.6 2548  
  Barcode: 14054
ห้องสมุดวิทยาเขตสวรรค์ประชารักษ์
►นวนิยาย
บนชั้น
  ขอยืม

รายการใกล้เคียง
    ผู้แต่ง [โรว์ลิ่ง, เจ.เค.]

BibComment


ยังไม่เคยถูกคอมเมนท์

คอมเมนท์ทรัพยากรรายการนี้
  คอมเมนท์: แฮร์รี่ พอตเตอร์..


 Copyright 2026. Bcnsprnw @Library